000 00320nam a22000977a 4500
005 20250901165558.0
008 231027b |||||||| |||| 00| 0 eng d
050 _aQA76.6 .A331985
245 _aCOMPUTERS AND INFORMATION PROCESSING WITH BUSINESS APPLICATIONS
_cWilliams, O'leary
942 _2lcc
_hQA76.6 .A331985
999 _c6160
_d6160